Antología y comentarios de textos /
Guardado en:
| Autor Principal: | |
|---|---|
| Formato: | Libro |
| Publicado: |
Argentina :
Ciordia & Rodríguez,
1956
|
| Edición: | 7a. ed. |
| Etiquetas: |
Agregar Etiqueta
Sin Etiquetas, Sea el primero en etiquetar este registro!
|
| LEADER | 00454nam a22001575a 4500 | ||
|---|---|---|---|
| 001 | CEM.cems003673 | ||
| 005 | 19000101000000.0 | ||
| 008 | 130507s1956##################000#0#####d | ||
| 003 | CEMS | ||
| 082 | 0 | 4 | |a 468.6 |
| 100 | 1 | |a Lacau, Maria H. P. Mujica De | |
| 245 | 1 | 0 | |a Antología y comentarios de textos / |
| 250 | |a 7a. ed. | ||
| 260 | |a Argentina : |b Ciordia & Rodríguez, |c 1956 | ||
| 300 | |a 270 p. | ||
| 859 | |a CEMS |b BIB. CEMS - 11 de abril |h 468.6 |i L116-3a7 |p 5899.77 |t Ej.1 | ||
